000 00277nam a2200109Ia 4500
005 20251222143230.0
008 251222s9999||||xx |||||||||||||| ||spa||
082 _a372.65/C77
245 0 _aIdiomas Extranjeros: Lineamientos Curriculares
264 _bMagisterio
942 _cLIB
999 _c14158
_d14158